000 00679nam a2200289Ia 4500
005 20260324150012.0
008 008 260324s9999 xx 000 0 eng d
020 _a9781003585015
037 _aEBOOK
040 _aCRL
040 _beng
040 _cCRL
041 _2eng
041 _aeng
084 _qCRL
100 _aFrank O'Gormann
_91224925
245 4 _aThe Rise of Party in England
245 4 _bThe Rockingham Whigs 1760–82
260 _bTaylor and Francis
260 _c1975
365 _a
365 _b240
856 _uhttp://www.taylorfrancis.com/books/9781003585015
942 _cEBOOK
999 _c1833647
_d1833647